000 00736nam a22002297a 4500
003 OSt
005 20230914164254.0
008 221006b |||||||| |||| 00| 0 eng d
040 _cBiblioteca Lado V
082 _a708
_bC957o
100 _91070
_aCruz-Diez, Carlos
_eautor
245 _aOptical blends and chromatic instabilities/
260 _bSicardi Gallery
_c2007
_aHouston
300 _c18x25.5cm
_a42p.
366 _espa
505 _tPresentación
650 _2Tesauro de Arte & Arquitectura
_aARTE
_9703
650 _2Tesauro de Arte & Arquitectura
_aCOLECCION
_9702
650 _2Tesauro de Arte & Arquitectura
_aEXHIBICION
_9702
700 _aRoche, Arnaldo
_eautor
942 _2ddc
_c1
_h708
_iC957o
_n0
999 _c4341
_d4341